British policy towards Kashmir 1846-1946 / (Record no. 56149)

MARC details
000 -LEADER
fixed length control field 00809naa a2200217 4500
005 - DATE AND TIME OF LATEST TRANSACTION
control field 20110901121751.0
010 ## - LCCN (DPL NO)
LC control number G-001308
020 ## - INTERNATIONAL STANDARD BOOK NUMBER
Terms of availability 695.00
International Standard Book Number 9788183390798
035 ## - SYSTEM CONTROL NUMBER
System control number G-001308
037 ## - SOURCE OF ACQUISITION
Source of stock number/acquisition Gift
082 ## - DEWEY DECIMAL CLASSIFICATION NUMBER
Classification number 954.11
100 ## - MAIN ENTRY--PERSONAL NAME
Personal name Fida Mohammad Hassnain
245 ## - TITLE STATEMENT
Title British policy towards Kashmir 1846-1946 /
Statement of responsibility, etc by Fida Mohammad Hassnain
260 ## - PUBLICATION, DISTRIBUTION, ETC. (IMPRINT)
Place of publication, distribution, etc Srinagar
Name of publisher, distributor, etc Gulshan Books
Date of publication, distribution, etc 2009
270 ## - ADDRESS
Address Residency Road,
City Srinagar
Postal code 190001
300 ## - PHYSICAL DESCRIPTION
Extent 185p.
Dimensions 22cm(Hb)
500 ## - GENERAL NOTE
General note Includes bibliographical index
942 ## - ADDED ENTRY ELEMENTS (KOHA)
Source of classification or shelving scheme Dewey Decimal Classification
Item type English Books
Classification part 954.11
Call number suffix FID
Holdings
Withdrawn status Lost status Not for loan Collection code Home library Current library Date acquired Source of acquisition Cost, normal purchase price Full call number Barcode Copy number Cost, replacement price Koha item type
      Non-fiction Janak Puri Janak Puri 01/09/2011 gift 695.00 954.11 FID G-001308 1 695.00 English Books

© Delhi Public Library
Hit Counter
free hit counter